[Event "IECC KO email"]
[Site "IECC email"]
[Date "2000.12.07"]
[Round "?"]
[White "Gee, Gordon L"]
[Black "Hill, John"]
[Result "0-1"]
[WhiteElo "1245"]
[BlackElo "1504"]
[PlyCount "102"]
[EventDate "2000.??.??"]
[EventType "tourn (corr)"]
[EventRounds "6"]
[SourceTitle "Corr 2008"]
[Source "ChessBase"]
[SourceDate "2008.06.24"]
[SourceVersion "1"]
[SourceVersionDate "2008.06.24"]
[SourceQuality "1"]

1. e4 e5 2. Nf3 Nf6 3. Nc3 Bb4 4. Nxe5 0-0 5. f3 d5 6. exd5 Re8 7. f4 Nbd7 8. Bb5 c6 9. dxc6 Nxe5 10. fxe5 Rxe5+ 11. Be2 Bxc3 12. cxb7 Bxb7 13. dxc3 Bxg2 14. Qxd8+ Rxd8 15. Rg1 Bf3 16. Kf2 Bxe2 17. Bf4 Rf5 18. Kxe2 Rxf4 19. Raf1 Re8+ 20. Kd3 Rxf1 21. Rxf1 Ng4 22. h4 Re3+ 23. Kd4 Rh3 24. Re1 Kf8 25. c4 Rxh4 26. b3 Nf6+ 27. Kd3 Nd7 28. b4 f6 29. Kc3 Nb6 30. Rd1 Rxc4+ 31. Kb3 Kf7 32. a4 Rc7 33. Rd4 g5 34. a5 Nd7 35. c4 Ne5 36. c5 Nc6 37. Rd6 h5 38. Ka4 Ne5 39. Rd2 h4 40. Rc2 Kg6 41. b5 Nd7 42. c6 Nb6+ 43. axb6 axb6 44. Rh2 f5 45. Kb3 Kh5 46. Kc4 g4 47. Kd5 g3 48. Rg2 Kg4 49. Ke5 h3 50. Ra2 h2 51. Rxh2 gxh2 0-1

[Event "IECC KO email"]
[Site "IECC email"]
[Date "2000.11.17"]
[Round "?"]
[White "Gee, Gordon L"]
[Black "Pilich, Lee"]
[Result "0-1"]
[WhiteElo "1265"]
[BlackElo "1000"]
[PlyCount "34"]
[EventDate "2000.??.??"]
[EventType "tourn (corr)"]
[EventRounds "6"]
[SourceTitle "Corr 2008"]
[Source "ChessBase"]
[SourceDate "2008.06.24"]
[SourceVersion "1"]
[SourceVersionDate "2008.06.24"]
[SourceQuality "1"]

1. e4 e5 2. Nf3 Nc6 3. Nc3 Nf6 4. d4 Bb4 5. Nxe5 Nxe4 6. Qf3 Nf6 7. Be3 0-0 8. 0-0-0 Bxc3 9. bxc3 d5 10. Nxc6 bxc6 11. Re1 Re8 12. Bd3 Qe7 13. Kd2 Rb8 14. Bg5 Ne4+ 15. Kd1 Qxg5 16. Ke2 Ng3+ 17. Kd1 Rb1# 0-1

[Event "IECC M email"]
[Site "IECC email"]
[Date "2000.10.27"]
[Round "?"]
[White "Gee, Gordon L"]
[Black "Cunningham, Don"]
[Result "1-0"]
[WhiteElo "1195"]
[BlackElo "871"]
[PlyCount "53"]
[EventDate "2000.??.??"]
[EventType "tourn (corr)"]
[EventRounds "2"]
[SourceTitle "Corr 2008"]
[Source "ChessBase"]
[SourceDate "2008.06.24"]
[SourceVersion "1"]
[SourceVersionDate "2008.06.24"]
[SourceQuality "1"]

1. e4 b6 2. Nc3 Bb7 3. d4 c6 4. Nf3 e6 5. Bf4 Bb4 6. Bd3 Nf6 7. 0-0 0-0 8. a3 Be7 9. Re1 d5 10. e5 Ng4 11. Ng5 f5 12. Nxe6 Qd7 13. Nxf8 Bxf8 14. e6 Qe7 15. Bxf5 Nf6 16. Bg5 h6 17. Bh4 g5 18. Bg3 c5 19. Nb5 Ne4 20. Bxe4 dxe4 21. Nc7 Nc6 22. Nxa8 Bxa8 23. d5 Nd4 24. c3 Nf5 25. Rxe4 Nxg3 26. hxg3 Qd6 27. c4 1-0

[Event "IECC CL7-2000.47"]
[Site "IECC email"]
[Date "2000.09.15"]
[Round "?"]
[White "Gee, Gordon L"]
[Black "Gardener, Russ"]
[Result "1-0"]
[WhiteElo "1206"]
[BlackElo "1069"]
[PlyCount "85"]
[EventDate "2000.??.??"]
[EventType "tourn (corr)"]
[EventRounds "4"]
[SourceTitle "Corr 2008"]
[Source "ChessBase"]
[SourceDate "2008.06.24"]
[SourceVersion "1"]
[SourceVersionDate "2008.06.24"]
[SourceQuality "1"]

1. e4 e5 2. Nf3 Nc6 3. Bb5 a6 4. Bxc6 dxc6 5. Nxe5 Qd4 6. Nd3 Qxe4+ 7. Kf1 Nf6 8. Nc3 Qd4 9. Ne2 Qd8 10. b3 Bd6 11. Bb2 Be6 12. Nd4 Qe7 13. Qe2 Bg4 14. Qxe7+ Bxe7 15. Re1 Rd8 16. h3 Bh5 17. Nf5 Bg6 18. Nxe7 Kf8 19. Ba3 Bxd3+ 20. cxd3 Nh5 21. Nxc6+ Kg8 22. Nxd8 h6 23. Re8+ Kh7 24. Rxh8+ Kxh8 25. Nxf7+ Kg8 26. Nd8 Nf6 27. Nxb7 g5 28. Ke2 Kg7 29. Bb2 Kg6 30. Rc1 Nd5 31. Rc5 Nb4 32. a3 Na2 33. Rxc7 Kh5 34. Kf3 Kh4 35. d4 g4+ 36. hxg4 Kg5 37. d5 h5 38. gxh5 Kh6 39. d6 a5 40. d7 a4 41. d8Q axb3 42. Kf4 Nc1 43. Qg5# 1-0

[Event "IECC CL7-2000.47"]
[Site "IECC email"]
[Date "2000.09.15"]
[Round "?"]
[White "Gee, Gordon L"]
[Black "Karlsson, Roger"]
[Result "1-0"]
[WhiteElo "1201"]
[BlackElo "930"]
[PlyCount "59"]
[EventDate "2000.??.??"]
[EventType "tourn (corr)"]
[EventRounds "4"]
[SourceTitle "Corr 2008"]
[Source "ChessBase"]
[SourceDate "2008.06.24"]
[SourceVersion "1"]
[SourceVersionDate "2008.06.24"]
[SourceQuality "1"]

1. e4 e5 2. Nf3 Nc6 3. d4 exd4 4. Nxd4 Nf6 5. Nxc6 bxc6 6. Nc3 Bd6 7. Bd3 0-0 8. 0-0 Re8 9. Be3 a5 10. Bg5 h6 11. Bxf6 Qxf6 12. Qe1 Qe5 13. f4 Qd4+ 14. Kh1 Bb7 15. Rd1 Qb6 16. e5 c5 17. Bf5 Qc6 18. Qd2 Bxe5 19. fxe5 Rxe5 20. Bxd7 Qg6 21. Bb5 Rg5 22. Rf2 f5 23. Bc4+ Kh8 24. Nd5 Bxd5 25. Bxd5 Rd8 26. Qxa5 f4 27. Rfd2 Re8 28. Qxc7 Re3 29. Bf7 Qf5 30. Qd8+ 1-0

[Event "IECC KO email"]
[Site "IECC email"]
[Date "2000.06.26"]
[Round "?"]
[White "Gee, Gordon L"]
[Black "Van Niekerk, Jan"]
[Result "1-0"]
[WhiteElo "1135"]
[BlackElo "1032"]
[PlyCount "46"]
[EventDate "2000.??.??"]
[EventType "tourn (corr)"]
[EventRounds "6"]
[SourceTitle "Corr 2008"]
[Source "ChessBase"]
[SourceDate "2008.06.24"]
[SourceVersion "1"]
[SourceVersionDate "2008.06.24"]
[SourceQuality "1"]

1. e4 c5 2. Bc4 e6 3. Nc3 Nc6 4. Nf3 Nf6 5. 0-0 d5 6. exd5 Nxd5 7. Nxd5 exd5 8. Bb5 Qc7 9. Re1+ Be7 10. d4 a6 11. Bxc6+ bxc6 12. dxc5 0-0 13. Be3 Re8 14. Qd3 Bf6 15. Bd4 Be7 16. Ng5 g6 17. Qd2 Bf5 18. Qe3 Bxc5 19. Qc3 Rxe1+ 20. Rxe1 Bxd4 21. Qxd4 Bxc2 22. Qf6 Rf8 23. Re7 Qd8 1-0

[Event "IECC CL7-2000.32"]
[Site "IECC email"]
[Date "2000.06.17"]
[Round "?"]
[White "Gee, Gordon L"]
[Black "Barnes, Tim E"]
[Result "1-0"]
[WhiteElo "1133"]
[BlackElo "998"]
[PlyCount "35"]
[EventDate "2000.??.??"]
[EventType "tourn (corr)"]
[EventRounds "4"]
[SourceTitle "Corr 2008"]
[Source "ChessBase"]
[SourceDate "2008.06.24"]
[SourceVersion "1"]
[SourceVersionDate "2008.06.24"]
[SourceQuality "1"]

1. e4 e6 2. d4 d5 3. e5 c5 4. Nf3 Nc6 5. Bb5 Qb6 6. a4 a6 7. Bxc6+ Qxc6 8. 0-0 f6 9. Re1 c4 10. c3 b5 11. exf6 gxf6 12. Nh4 bxa4 13. Qh5+ Ke7 14. Ng6+ hxg6 15. Qxh8 Kf7 16. Qh7+ Bg7 17. Bf4 f5 18. Be5 1-0